Statystyki dla Quiz dla prawdziwych fanów Lionela Messiego

Kliknij tutaj aby rozwiązać quiz!

Ogólne statystyki

  • Ten quiz został rozwiązany 385 razy
  • Średni wynik to 12 z 24

Statystyki odpowiedzi

PytanieOdpowiedź% Poprawnych
Z jakiego kraju pochodzi?Argentyna
93%
W jakim hiszpańskim klubie obecnie gra?FC Barcelona
85%
Ile razy wygrał Złotego Buta?6
78%
Z jakim numerem na koszulce obecnie gra?10
77%
Ile razy wygrał Złotą Piłkę?5
77%
Ile ma wzrostu?1,70 m
73%
W którym roku wraz z FC Barceloną wygrał wszystkie możliwe trofea (Liga Hiszpańska, Puchar Króla, Liga Mistrzów, Superpuchar Hiszpanii, Superpuchar Europy i Klubowe Mistrzostwa Świata)?2009
67%
Ponad ile bramek strzelił dla Barcelony w meczach oficjalnych? (zaokrąglij do setek)600
62%
Jaką chorobę zdiagnozowano u niego w wieku 11 lat?Karłowatość
60%
Ile goli strzelił w 2012 roku, bijąc rekord świata w największej ilości zdobytych bramek w roku kalendarzowym?91
56%
Ile goli strzelił w Primera División w sezonie 2011/12, pobijąc rekord ligi?50
54%
Jak się nazywał zespół, przeciwko któremu strzelił swojego pierwszego hat-tricka?Real Madryt
54%
W jakim mieście się urodził?Rosario
53%
Jak się nazywał zespół, któremu strzelił 5 bramek w fazie pucharowej Ligi MistrzówBayer Leverkusen
46%
Na czym podpisał swój pierwszy kontrakt z FC Barceloną?Na serwetce
45%
Jak się nazywa wybranka Messiego, z która ma trójkę dzieci?Antonella Roccuzzo
42%
Kiedy się urodził?24 czerwca 1987 r.
40%
Przeciwko jakiemu zespołowi strzelił jedną z najpiękniejszych bramek w swojej karierze, kiedy to przebiegł 62 metry i minął 6 rywali?Getafe
33%
Jak się nazywał trener FC Barcelony, który dał mu szansę i nie bał się na niego postawić?Frank Rijkaard
28%
W jakim klubie grał przed wyjazdem do Hiszpanii?Newell’s Old Boys
26%
Jakie jest jego pełne imię i nazwisko?Lionel Andres Messi Cuccittini
19%
16 października 2004 roku zadebiutował w Primera División. Kto był w tym meczu przeciwnikiem FC Barcelony?Espanyol
18%
16 listopada 2003 roku zadebiutował w pierwszej drużynie FC Barcelony. Przeciwko jakiej drużynie został rozegrany ten mecz?FC Porto
14%
1 maja 2005 roku strzelił swoją pierwszą bramkę w lidze hiszpańskiej. Przeciwko jakiej drużynie zostało rozegrane to spotkanie?Albacete
9%

Rozkład punktacji

Percentyl według liczby udzielonych odpowiedzi

Procent ludzi z każdym wynikiem

Twoja historia wyników

Nie rozwiązałeś tego quizu